| 000 | 01123nmm a2200301 a 4500 | ||
|---|---|---|---|
| 001 | ocm0002015956 | ||
| 003 | TR-IsHL | ||
| 005 | 20201028181317.0 | ||
| 008 | 181231s2015 tu tur | ||
| 007 | cr cn | ||
| 020 | _a9786053272557 | ||
| 035 |
_a2015956 _b(N$T) |
||
| 050 | 0 | 4 |
_aTK7867 _b.G86 2015 |
| 090 | 0 | 4 |
_aTK7867 _b.G86 2015 |
| 100 | 1 | _aGünday, Abdurrahman | |
| 245 | 1 | 0 |
_aElektronics workbench ve devre uygulamaları _h[electronic resource] / _cAbdurrahman Günday |
| 260 |
_aBursa : _bEkin Basım Yayın Dağıtım, _c2015 |
||
| 300 | _a338 p. | ||
| 500 |
_a46'sı çözümlü 121 örnek devre sorusu. _xKaynakça var. _xKarton kapak. |
||
| 650 | 4 | _aMühendislik ve Teknoloji | |
| 650 | 4 | _aEngineering and Technology | |
| 650 | 0 | _aEntegre devreler | |
| 650 | 0 | _aIntegrated circuits | |
| 650 | 0 |
_aElektrik devre analizi _x Bilgi işlem |
|
| 650 | 0 |
_aElectric circuit analysis _x Data processing |
|
| 650 | 7 |
_aTECHNOLOGY & ENGINEERING / Electronics / Circuits / Integrated _2bisacsh |
|
| 856 | 4 | 0 | _uhttp://search.ebscohost.com/login.aspx?direct=true&scope=site&db=e011xww&AN=2015956 |
| 999 |
_c19540 _d19540 |
||